| 000 | 00541nam a2200181 4500 | ||
|---|---|---|---|
| 003 | LK-CoMWRAF | ||
| 005 | 20260408161118.0 | ||
| 008 | 230911b |||||||| |||| 00| 0 eng d | ||
| 040 |
_aLK-CoMWRAF _dLK-CoMWRAF _eLK-CoMWRAF |
||
| 041 | _aeng | ||
| 082 |
_a323.34 _bWHA |
||
| 245 |
_aWhat Islam Teaches us about: _bHuman rights : Women rights : Animal rights |
||
| 260 |
_aColombo : _bMuslim Women's research and action forum, |
||
| 650 | _aHuman Rights | ||
| 650 | _aWomen's rights | ||
| 650 | _aPolitical freedom & security | ||
| 942 | _cBK | ||
| 999 |
_c3545 _d3545 |
||